000 00619nam a2200193 4500
001 132710
003 ES-MaACL
005 20251011063136.0
007 t|
008 070214s1961 mx r ||||1| spa d
100 0 _aRos, Antonio,
_c(Médico)
_999566
245 1 0 _aEvolución de la histopatología y la terapéutica del tracoma /
_cAntonio Ros ; prólogo del Dr. Louis Guillaumat.
260 _aMéxico :
_bGalas,
_c1961.
300 _a82 p. ;
_c19 cm.
700 1 _aGuillaumat, Louis.
_960720
852 _aES-MaACL
_jG-9660
_bR.47660
852 _aES-MaACL
_jG-9662
_bR.47661
999 _c132710
_d132710